Logic Punchboard III Quiz Stats

 Plays Quiz Updated Jun 30, 2017

Support Sporcle.
Go Orange.
Score 0/15 Timer 00:30
0 Plays Today
Hint Hint? % Correct
x=1, y=1???
96.1%
x=5, y=1???
74.6%
x=3, y=2???
68.8%
x=4, y=1???
65.7%
x=2, y=3???
65.1%
x=5, y=3???
60.6%
x=5, y=2???
60.5%
x=1, y=2???
59.3%
Hint Hint? % Correct
x=2, y=1???
59.2%
x=3, y=1???
56.6%
x=4, y=2???
53.8%
x=1, y=3???
52.6%
x=4, y=3???
52.3%
x=3, y=3???
45.5%
x=2, y=2???
38.1%

You're not logged in!

Compare scores with friends on all Sporcle quizzes.
OR
Log In
Forgot?

From the Vault

Video Game Islands

by Jengajam

Islands in a game, that is what they are.
Remove Ads.
Support Sporcle.
Get the best of Sporcle when you Go Orange. This ad-free experience offers more features, more stats, and more fun while also helping to support Sporcle. Thank you for becoming a member.

Show Comments

Extras

Top Quizzes Today


Score Distribution

Your Account Isn't Verified!

In order to create a playlist on Sporcle, you need to verify the email address you used during registration. Go to your Sporcle Settings to finish the process.

Report this User

Report this user for behavior that violates our Community Guidelines.

Details: